El medio ambiente
Guardat en:
| Autor principal: | |
|---|---|
| Format: | Llibre |
| Idioma: | espanyol |
| Publicat: |
Madrid
Cátedra
1997
|
| Edició: | 2a. ed |
| Col·lecció: | Colección Geografía Menor
|
| Matèries: | |
| Etiquetes: |
Afegir etiqueta
Sense etiquetes, Sigues el primer a etiquetar aquest registre!
|
MARC
| LEADER | 00000nam a2200000 a 4500 | ||
|---|---|---|---|
| 001 | UCP5504 | ||
| 003 | CL-VaPUC | ||
| 008 | 990927e19970000SP |||||||||||||||||spa|d | ||
| 082 | 0 | 4 | |a 333.7 |b LOP |2 21 |
| 100 | |a López Bonillo, Diego |e autor |9 433953 | ||
| 245 | 1 | 3 | |a El medio ambiente |
| 250 | |a 2a. ed | ||
| 300 | |a 385 p | ||
| 942 | |c BK | ||
| 945 | |d 19990927 00:00:00 |a vberengu | ||
| 260 | |a Madrid |b Cátedra |c 1997 | ||
| 650 | 0 | |a Medio ambiente |9 257625 | |
| 650 | 0 | |a Agua |9 257149 | |
| 650 | 7 | |a SUELO |2 CL-VaPUC |9 348469 | |
| 650 | 0 | |a Recursos naturales |9 255232 | |
| 650 | 7 | |a ECOSISTEMA |2 CL-VaPUC |9 347937 | |
| 650 | 7 | |a CONTAMINACION |2 CL-VaPUC |9 258139 | |
| 650 | 0 | |a Protección del medio ambiente |9 257626 | |
| 583 | |a last modification |c 19990927 00:00:00 |k Rodrigo Vera | ||
| 490 | 0 | |a Colección Geografía Menor | |
| 999 | |c 283248 |d 283246 | ||
| 952 | |0 0 |1 0 |4 0 |6 333_700000000000000_LOP_1997 |7 0 |8 A |9 326169 |a BIBING |b BIBING |d 2019-11-20 |i 3638286 |o 333.7 LOP 1997 |p 3638286 |r 2025-01-20 |w 2019-11-20 |y BK |k GEO | ||